000 00453nam a2200181Ia 4500
008 100917s9999 xx 000 0 und d
082 _b45289
100 _aनांगरे बलराम
245 _aधनंजय
260 _bअभय साहित्य
_c1966
300 _a122/39
365 _b5
520 _aनाटक
630 _aधनंजय
650 _aनाटक
730 _aधनंजय
942 _cBOOK
999 _c650683
_d650680